<?xml version="1.0" encoding="UTF-8"?>
<record
    xmlns:xsi="http://www.w3.org/2001/XMLSchema-instance"
    xsi:schemaLocation="http://www.loc.gov/MARC21/slim http://www.loc.gov/standards/marcxml/schema/MARC21slim.xsd"
    xmlns="http://www.loc.gov/MARC21/slim">

  <leader>01363    a2200181   4500</leader>
  <controlfield tag="001">141936</controlfield>
  <datafield tag="040" ind1=" " ind2=" ">
    <subfield code="c">Leonardo Da Vinci</subfield>
  </datafield>
  <datafield tag="041" ind1=" " ind2=" ">
    <subfield code="a">Portugu&#xEA;s</subfield>
  </datafield>
  <datafield tag="082" ind1=" " ind2=" ">
    <subfield code="a">r610 L762l</subfield>
    <subfield code="b">L762l</subfield>
  </datafield>
  <datafield tag="245" ind1=" " ind2=" ">
    <subfield code="a">O LIVRO da vida</subfield>
  </datafield>
  <datafield tag="250" ind1=" " ind2=" ">
    <subfield code="a">2.ed. v.1</subfield>
  </datafield>
  <datafield tag="260" ind1=" " ind2=" ">
    <subfield code="b">Abri Cultural</subfield>
    <subfield code="c">1974</subfield>
    <subfield code="a">S&#xE3;o Paulo</subfield>
  </datafield>
  <datafield tag="300" ind1=" " ind2=" ">
    <subfield code="a">424</subfield>
  </datafield>
  <datafield tag="362" ind1=" " ind2=" ">
    <subfield code="a">19740000</subfield>
  </datafield>
  <datafield tag="500" ind1=" " ind2=" ">
    <subfield code="a">Obra em 6 volumes</subfield>
  </datafield>
  <datafield tag="697" ind1=" " ind2=" ">
    <subfield code="a">Refer&#xEA;ncia</subfield>
    <subfield code="a">Enciclop&#xE9;dia</subfield>
    <subfield code="a">Curiosidades</subfield>
    <subfield code="a">Medicina</subfield>
    <subfield code="a">Sa&#xFA;de</subfield>
    <subfield code="a">Doen&#xE7;a</subfield>
    <subfield code="a">Anatomia humana</subfield>
    <subfield code="a">Patologia humana</subfield>
    <subfield code="a">Fisiologia humana</subfield>
    <subfield code="a">Rem&#xE9;dio</subfield>
    <subfield code="a">Sintomas</subfield>
    <subfield code="a">Dor</subfield>
    <subfield code="a">Tontura</subfield>
    <subfield code="a">Tremor</subfield>
    <subfield code="a">Defesas do organismo</subfield>
    <subfield code="a">Diagn&#xF3;stico m&#xE9;dico</subfield>
    <subfield code="a">Exame m&#xE9;dico</subfield>
    <subfield code="a">Hospital</subfield>
    <subfield code="a">Profiss&#xE3;o m&#xE9;dico</subfield>
    <subfield code="a">Profiss&#xE3;o enfermeiro</subfield>
    <subfield code="a">P&#xED;lula anticoncepcional</subfield>
    <subfield code="a">Esteriliza&#xE7;&#xE3;o cir&#xFA;rgica</subfield>
    <subfield code="a">Esterilidade conjugal</subfield>
    <subfield code="a">Insemina&#xE7;&#xE3;o artificial</subfield>
    <subfield code="a">Ginecologia</subfield>
    <subfield code="a">Mol&#xE9;stia feminina</subfield>
    <subfield code="a">Atra&#xE7;&#xE3;o sexual</subfield>
    <subfield code="a">Amor</subfield>
    <subfield code="a">Namoro</subfield>
    <subfield code="a">Casamento</subfield>
    <subfield code="a">Comportamento sexual humano</subfield>
    <subfield code="a">Planejamento familiar</subfield>
    <subfield code="a">Corpo humano</subfield>
    <subfield code="a">Cora&#xE7;&#xE3;o</subfield>
    <subfield code="a">C&#xE9;rebro</subfield>
    <subfield code="a">&#xD3;ssos</subfield>
    <subfield code="a">M&#xFA;sculos</subfield>
    <subfield code="a">M&#xE3;o</subfield>
    <subfield code="a">Exerc&#xED;cio f&#xED;sico</subfield>
    <subfield code="a">Digest&#xE3;o</subfield>
    <subfield code="a">Embri&#xE3;o</subfield>
    <subfield code="a">Gravidez</subfield>
    <subfield code="a">Feto</subfield>
    <subfield code="a">Parto</subfield>
    <subfield code="a">Cesariana</subfield>
    <subfield code="a">Parto prematuro</subfield>
    <subfield code="a">Relacionamento</subfield>
    <subfield code="a">Alimenta&#xE7;&#xE3;o</subfield>
    <subfield code="a">Nutri&#xE7;&#xE3;o</subfield>
    <subfield code="a">Desnutri&#xE7;&#xE3;o</subfield>
    <subfield code="a">Perturba&#xE7;&#xE3;o digestiva</subfield>
    <subfield code="a">&#xDA;lcera</subfield>
    <subfield code="a">Epidemia</subfield>
    <subfield code="a">Pulm&#xE3;o</subfield>
    <subfield code="a">Mente</subfield>
    <subfield code="a">Ansiedade</subfield>
    <subfield code="a">Sonho</subfield>
    <subfield code="a">Personalidade</subfield>
    <subfield code="a">Mente</subfield>
    <subfield code="a">Doen&#xE7;a mental</subfield>
    <subfield code="a">Aprendizagem</subfield>
    <subfield code="a">Mem&#xF3;ria</subfield>
    <subfield code="a">Personalidade psicop&#xE1;tica</subfield>
    <subfield code="a">Histeria</subfield>
    <subfield code="a">Personalidade hist&#xE9;rica</subfield>
    <subfield code="a">Personalidade ciclot&#xED;mica</subfield>
    <subfield code="a">Obsess&#xE3;o</subfield>
    <subfield code="a">Compuls&#xE3;o</subfield>
  </datafield>
  <datafield tag="942" ind1=" " ind2=" ">
    <subfield code="c">BK</subfield>
  </datafield>
  <datafield tag="952" ind1=" " ind2=" ">
    <subfield code="0">0</subfield>
    <subfield code="1">0</subfield>
    <subfield code="4">0</subfield>
    <subfield code="7">0</subfield>
    <subfield code="a">71.1</subfield>
    <subfield code="b">71.1</subfield>
    <subfield code="d">2024-03-27</subfield>
    <subfield code="l">0</subfield>
    <subfield code="o">r610 L762l</subfield>
    <subfield code="p">O009216</subfield>
    <subfield code="r">2024-03-27 22:46:32</subfield>
    <subfield code="w">2024-03-27</subfield>
    <subfield code="y">BK</subfield>
  </datafield>
  <datafield tag="999" ind1=" " ind2=" ">
    <subfield code="c">141936</subfield>
    <subfield code="d">141936</subfield>
  </datafield>
</record>
